00470 a2200157 45000010006000000050017000060080041000230030015000640400040000790800048001192450064001672640034002313000019002650410008002841000020002924165120260407155709.0260407a1958 arg spa dAR-UNSa-BCEJYS aAR-UNSa-BCEJYSbspacAR-UNSa-BCEJYS a347.7xDerecho Mercantil. Derecho Comercial10aDerecho comercialppara las escuelas nacionales de comercio 1aBuenos Aires :bEstradac1958 a171 p.c23 cm. aspa1 aHalperin, Isaac